[Event "World Chess Olympiad 2018"]
[Site "Batumi"]
[Date "2018.10.05"]
[Round "11"]
[Board "1"]
[WhiteFideId "5500419"]
[White "Amdouni Zoubaier"]
[BlackFideId "7000812"]
[Black "Kojima Shinya"]
[Result "0-1"]
[LiveChessVersion "1.4.8"]
[BlackElo "2408"]
[WhiteElo "2218"]

1. e4 {[%clk 1:30:57]} c6 {[%clk 1:30:50]} 2. d4 {[%clk 1:31:04]} d5
{[%clk 1:31:15]} 3. e5 {[%clk 1:31:32]} Bf5 {[%clk 1:31:28]} 4. h4
{[%clk 1:31:30]} Qc7 {[%clk 1:31:49]} 5. Nc3 {[%clk 1:29:27]} a6 {[%clk 1:32:12]}
6. Nge2 {[%clk 1:29:04]} e6 {[%clk 1:31:56]} 7. Ng3 {[%clk 1:29:17]} Ne7
{[%clk 1:31:46]} 8. Bg5 {[%clk 1:24:34]} Nd7 {[%clk 1:26:32]} 9. Qf3
{[%clk 0:57:32]} Bxc2 {[%clk 1:23:52]} 10. Rc1 {[%clk 0:57:34]} Be4
{[%clk 1:23:22]} 11. Ngxe4 {[%clk 0:56:45]} dxe4 {[%clk 1:23:44]} 12. Qxe4
{[%clk 0:56:43]} Qb6 {[%clk 1:14:48]} 13. Bxe7 {[%clk 0:52:45]} Bxe7
{[%clk 1:13:43]} 14. Bd3 {[%clk 0:52:02]} O-O-O {[%clk 1:06:13]} 15. O-O
{[%clk 0:51:50]} Kb8 {[%clk 1:05:38]} 16. b4 {[%clk 0:29:45]} f5 {[%clk 0:59:02]}
17. Qe3 {[%clk 0:27:53]} Nf8 {[%clk 0:56:25]} 18. Ne2 {[%clk 0:27:46]} Bxh4
{[%clk 0:54:55]} 19. a4 {[%clk 0:27:54]} Ng6 {[%clk 0:50:30]} 20. b5
{[%clk 0:25:26]} cxb5 {[%clk 0:49:10]} 21. axb5 {[%clk 0:24:27]} a5
{[%clk 0:48:33]} 22. Bc4 {[%clk 0:13:23]} Rhe8 {[%clk 0:36:00]} 23. Qb3
{[%clk 0:12:01]} Bg5 {[%clk 0:32:11]} 24. Ra1 {[%clk 0:09:53]} Nf4
{[%clk 0:30:12]} 25. Qc3 {[%clk 0:05:32]} Rc8 {[%clk 0:22:54]} 26. Nxf4
{[%clk 0:04:46]} Bxf4 {[%clk 0:23:18]} 27. Rfd1 {[%clk 0:03:17]} Red8
{[%clk 0:18:36]} 28. Qb3 {[%clk 0:02:19]} Rxd4 {[%clk 0:16:36]} 29. Bxe6
{[%clk 0:01:03]} Re8 {[%clk 0:14:03]} 30. Bxf5 {[%clk 0:00:36]} Rxe5
{[%clk 0:11:59]} 31. Rxd4 {[%clk 0:00:32]} Qxd4 {[%clk 0:12:20]} 32. Rd1
{[%clk 0:01:02]} Bg3 {[%clk 0:09:09]} 33. Qf3 {[%clk 0:00:34]} Bxf2+
{[%clk 0:08:27]} 34. Kh2 {[%clk 0:00:36]} Rxf5 {[%clk 0:06:12]} 35. Qxf5
{[%clk 0:01:05]} Qxd1 {[%clk 0:06:23]} 36. Qf4+ {[%clk 0:01:15]} Kc8
{[%clk 0:06:06]} 37. Qc4+ {[%clk 0:00:31]} Kd7 {[%clk 0:05:41]} 38. Qf7+
{[%clk 0:00:51]} Kd6 {[%clk 0:05:15]} 39. Qf8+ {[%clk 0:00:33]} Kc7
{[%clk 0:04:55]} 40. Qxf2 {[%clk 0:30:31]} Qh5+ {[%clk 0:34:56]} 41. Kg1
{[%clk 0:28:54]} Qxb5 {[%clk 0:35:09]} 42. Qg3+ {[%clk 0:28:33]} Kb6
{[%clk 0:35:04]} 43. Qxg7 {[%clk 0:28:33]} h5 {[%clk 0:34:06]} 44. Kf2
{[%clk 0:26:21]} a4 {[%clk 0:33:22]} 45. Ke3 {[%clk 0:25:03]} a3 {[%clk 0:32:29]}
46. Qf7 {[%clk 0:24:01]} Ka6 {[%clk 0:31:47]} 47. Qf8 {[%clk 0:23:47]} Qb6+
{[%clk 0:30:22]} 48. Kd3 {[%clk 0:24:02]} a2 {[%clk 0:29:16]} 49. Qa8+
{[%clk 0:22:44]} Qa7 {[%clk 0:28:49]} 50. Qh8 {[%clk 0:23:07]} b5
{[%clk 0:26:02]} 51. Kc2 {[%clk 0:19:56]} Qb7 {[%clk 0:23:10]} 52. Qf6+
{[%clk 0:07:08]} Ka5 {[%clk 0:21:44]} 53. Qd8+ {[%clk 0:02:17]} Ka4
{[%clk 0:21:09]} 54. Kb2 {[%clk 0:02:45]} Qxg2+ {[%clk 0:14:26]} 55. Ka1
{[%clk 0:03:12]} Qf1+ {[%clk 0:13:43]} 56. Kxa2 {[%clk 0:03:41]} Qe2+
{[%clk 0:13:31]} 57. Kb1 {[%clk 0:03:45]} Kb3 {[%clk 0:09:14]} 58. Qd5+
{[%clk 0:03:37]} Kc3 {[%clk 0:07:47]} 59. Qc5+ {[%clk 0:01:18]} Qc4
{[%clk 0:07:44]} 60. Qe5+ {[%clk 0:01:46]} Qd4 {[%clk 0:07:07]} 61. Qe1+
{[%clk 0:00:36]} Kb3 {[%clk 0:06:33]} 62. Qe6+ {[%clk 0:00:38]} Qc4
{[%clk 0:05:17]} 63. Qe3+ {[%clk 0:00:44]} Kb4 {[%clk 0:04:48]} 64. Kb2
{[%clk 0:01:02]} Qc5 {[%clk 0:02:34]} 65. Qe1+ {[%clk 0:01:26]} Kc4
{[%clk 0:02:07]} 66. Qe2+ {[%clk 0:01:56]} Kd4 {[%clk 0:02:05]} 67. Qf2+
{[%clk 0:02:21]} Kd5 {[%clk 0:02:21]} 68. Qf5+ {[%clk 0:00:47]} Kc6
{[%clk 0:02:24]} 69. Qc8+ {[%clk 0:00:42]} Kb6 {[%clk 0:02:31]} 70. Qd8+
{[%clk 0:01:02]} Qc7 {[%clk 0:02:18]} 71. Qd4+ {[%clk 0:00:58]} Ka6
{[%clk 0:02:26]} 72. Qd5 {[%clk 0:00:37]} Qg7+ {[%clk 0:01:20]} 73. Kc2
{[%clk 0:00:36]} Qg6+ {[%clk 0:01:15]} 74. Kb2 {[%clk 0:00:53]} Qf6+
{[%clk 0:01:30]} 75. Kb3 {[%clk 0:01:12]} h4 {[%clk 0:01:01]} 76. Kb4
{[%clk 0:00:35]} Qf4+ {[%clk 0:00:54]} 77. Ka3 {[%clk 0:01:04]} Qc1+
{[%clk 0:00:46]} 0-1

[Event "World Chess Olympiad 2018"]
[Site "Batumi"]
[Date "2018.10.05"]
[Round "11"]
[Board "2"]
[WhiteFideId "7000634"]
[White "Nanjo Ryosuke"]
[BlackFideId "5500796"]
[Black "Zaibi Amir"]
[Result "1/2-1/2"]
[LiveChessVersion "1.4.8"]
[BlackElo "2361"]
[WhiteElo "2324"]

1. e4 {[%clk 1:30:57]} c5 {[%clk 1:30:55]} 2. Nf3 {[%clk 1:31:22]} e6
{[%clk 1:31:17]} 3. d4 {[%clk 1:31:48]} cxd4 {[%clk 1:31:41]} 4. Nxd4
{[%clk 1:32:14]} Nc6 {[%clk 1:32:02]} 5. Nc3 {[%clk 1:32:39]} Nf6
{[%clk 1:32:21]} 6. Ndb5 {[%clk 1:32:41]} Bb4 {[%clk 1:32:23]} 7. a3
{[%clk 1:32:49]} Bxc3+ {[%clk 1:32:47]} 8. Nxc3 {[%clk 1:33:15]} d5
{[%clk 1:33:09]} 9. exd5 {[%clk 1:33:37]} exd5 {[%clk 1:33:33]} 10. Bd3
{[%clk 1:33:49]} d4 {[%clk 1:32:22]} 11. Ne2 {[%clk 1:25:41]} O-O
{[%clk 1:28:52]} 12. O-O {[%clk 1:26:01]} Bg4 {[%clk 1:28:59]} 13. Bg5
{[%clk 1:24:21]} Re8 {[%clk 1:27:38]} 14. Re1 {[%clk 1:23:43]} Qd6
{[%clk 1:21:54]} 15. Qd2 {[%clk 1:20:00]} Bxe2 {[%clk 1:14:00]} 16. Bf4
{[%clk 1:18:18]} Qd7 {[%clk 1:09:44]} 17. Bxe2 {[%clk 1:00:04]} Ne4
{[%clk 1:07:03]} 18. Qd3 {[%clk 0:59:59]} Nc5 {[%clk 0:59:54]} 19. Qb5
{[%clk 0:47:03]} Re4 {[%clk 0:44:53]} 20. Bf3 {[%clk 0:37:30]} Rxf4
{[%clk 0:45:07]} 21. Qxc5 {[%clk 0:37:54]} Rf5 {[%clk 0:39:10]} 22. Bxc6
{[%clk 0:37:46]} bxc6 {[%clk 0:39:29]} 23. Qc4 {[%clk 0:36:54]} c5
{[%clk 0:36:03]} 24. Re2 {[%clk 0:31:39]} Re8 {[%clk 0:32:06]} 25. Rae1
{[%clk 0:32:00]} Rxe2 {[%clk 0:32:30]} 26. Rxe2 {[%clk 0:31:13]} g6
{[%clk 0:31:34]} 27. b3 {[%clk 0:25:40]} h5 {[%clk 0:29:25]} 28. Qd3
{[%clk 0:24:06]} Qd6 {[%clk 0:25:59]} 29. Qe4 {[%clk 0:12:44]} Rd5
{[%clk 0:23:04]} 30. g3 {[%clk 0:11:11]} d3 {[%clk 0:21:54]} 31. cxd3
{[%clk 0:11:17]} Rxd3 {[%clk 0:22:18]} 32. Re3 {[%clk 0:11:03]} Rxb3
{[%clk 0:18:22]} 33. Qe8+ {[%clk 0:10:11]} Kg7 {[%clk 0:18:42]} 34. Rxb3
{[%clk 0:10:30]} Qd1+ {[%clk 0:19:07]} 35. Kg2 {[%clk 0:10:57]} Qxb3
{[%clk 0:19:30]} 36. Qe5+ {[%clk 0:11:23]} Kh7 {[%clk 0:19:10]} 1/2-1/2

[Event "World Chess Olympiad 2018"]
[Site "Batumi"]
[Date "2018.10.05"]
[Round "11"]
[Board "3"]
[WhiteFideId "5501733"]
[White "Bouzidi Ahmed"]
[BlackFideId "7000936"]
[Black "Yamada Kohei"]
[Result "1-0"]
[LiveChessVersion "1.4.8"]
[BlackElo "2128"]
[WhiteElo "2246"]

1. e4 {[%clk 1:30:56]} c5 {[%clk 1:30:55]} 2. c3 {[%clk 1:28:51]} d5
{[%clk 1:31:19]} 3. exd5 {[%clk 1:29:09]} Qxd5 {[%clk 1:31:43]} 4. Na3
{[%clk 1:26:44]} Nf6 {[%clk 1:31:17]} 5. Nf3 {[%clk 1:26:20]} a6 {[%clk 1:25:15]}
6. d4 {[%clk 1:23:46]} Bg4 {[%clk 1:20:15]} 7. Bc4 {[%clk 1:20:07]} Qe4+
{[%clk 1:12:13]} 8. Be3 {[%clk 1:11:20]} cxd4 {[%clk 1:08:46]} 9. Bd3
{[%clk 0:39:57]} Qd5 {[%clk 1:03:29]} 10. Bxd4 {[%clk 0:27:42]} e5
{[%clk 0:55:13]} 11. Qe2 {[%clk 0:23:03]} Bxa3 {[%clk 0:53:30]} 12. Bc4
{[%clk 0:19:04]} Qe4 {[%clk 0:50:32]} 13. Qxe4 {[%clk 0:19:02]} Nxe4
{[%clk 0:50:55]} 14. Nxe5 {[%clk 0:19:22]} Bxb2 {[%clk 0:30:33]} 15. Rb1
{[%clk 0:15:29]} Bxc3+ {[%clk 0:28:49]} 16. Bxc3 {[%clk 0:15:53]} Nxc3
{[%clk 0:29:12]} 17. Bxf7+ {[%clk 0:06:34]} Ke7 {[%clk 0:28:55]} 18. Rxb7+
{[%clk 0:05:27]} Bd7 {[%clk 0:29:07]} 19. O-O {[%clk 0:05:32]} Nb5
{[%clk 0:11:17]} 20. Re1 {[%clk 0:05:07]} Nd6 {[%clk 0:10:40]} 21. Nxd7+
{[%clk 0:03:23]} Kxf7 {[%clk 0:11:03]} 22. Ne5+ {[%clk 0:03:37]} Kf6
{[%clk 0:08:54]} 23. Rb6 {[%clk 0:03:51]} Rd8 {[%clk 0:06:16]} 24. Nc4
{[%clk 0:04:15]} a5 {[%clk 0:04:54]} 25. Nxd6 {[%clk 0:04:14]} Ra6
{[%clk 0:05:08]} 26. Ne4+ {[%clk 0:04:20]} Kf7 {[%clk 0:04:50]} 27. Rb7+
{[%clk 0:03:46]} Kg8 {[%clk 0:05:04]} 28. h4 {[%clk 0:03:43]} Re6
{[%clk 0:04:23]} 29. f3 {[%clk 0:03:59]} Nc6 {[%clk 0:02:39]} 30. Rc1
{[%clk 0:03:59]} Re7 {[%clk 0:01:57]} 31. Rxe7 {[%clk 0:04:11]} Nxe7
{[%clk 0:02:26]} 32. Rc7 {[%clk 0:04:19]} Kf8 {[%clk 0:01:11]} 33. Ng5
{[%clk 0:03:26]} Rd1+ {[%clk 0:01:30]} 34. Kh2 {[%clk 0:03:47]} Rd2
{[%clk 0:01:07]} 35. Ra7 {[%clk 0:03:15]} Nc6 {[%clk 0:01:16]} 36. Ra6
{[%clk 0:03:29]} Nb4 {[%clk 0:01:28]} 37. Rxa5 {[%clk 0:03:28]} h6
{[%clk 0:01:12]} 38. Ra8+ {[%clk 0:03:46]} Ke7 {[%clk 0:01:33]} 39. Ra7+
{[%clk 0:01:45]} Rd7 {[%clk 0:01:45]} 40. Ra4 {[%clk 0:31:42]} Nxa2
{[%clk 0:30:51]} 41. Rxa2 {[%clk 0:32:04]} hxg5 {[%clk 0:31:15]} 42. hxg5
{[%clk 0:32:22]} Ke6 {[%clk 0:27:00]} 43. Kg3 {[%clk 0:31:29]} g6
{[%clk 0:24:23]} 44. Kg4 {[%clk 0:31:17]} Kf7 {[%clk 0:24:25]} 45. Ra4
{[%clk 0:31:05]} Rb7 {[%clk 0:24:22]} 46. Kf4 {[%clk 0:30:51]} Re7
{[%clk 0:24:26]} 47. g4 {[%clk 0:31:06]} Kg7 {[%clk 0:24:33]} 48. Re4
{[%clk 0:31:01]} Ra7 {[%clk 0:24:43]} 49. Ke3 {[%clk 0:30:29]} Ra3+
{[%clk 0:21:29]} 50. Kf2 {[%clk 0:30:49]} Ra2+ {[%clk 0:20:00]} 51. Re2
{[%clk 0:31:11]} Ra7 {[%clk 0:20:00]} 52. f4 {[%clk 0:31:22]} Ra5
{[%clk 0:19:22]} 53. Kf3 {[%clk 0:31:45]} Kf7 {[%clk 0:18:41]} 54. Re3
{[%clk 0:31:48]} Rc5 {[%clk 0:18:11]} 55. Kg3 {[%clk 0:32:00]} Ra5
{[%clk 0:18:15]} 56. Rf3 {[%clk 0:31:15]} Ke6 {[%clk 0:17:30]} 57. Kh4
{[%clk 0:31:02]} Ra1 {[%clk 0:13:29]} 58. f5+ {[%clk 0:31:01]} Kf7
{[%clk 0:13:48]} 59. Rc3 {[%clk 0:29:51]} Ra7 {[%clk 0:12:10]} 60. Rc6
{[%clk 0:29:59]} gxf5 {[%clk 0:11:43]} 61. gxf5 {[%clk 0:30:10]} Ra1
{[%clk 0:10:00]} 62. Rc7+ {[%clk 0:30:27]} Kg8 {[%clk 0:10:23]} 63. Kh5
{[%clk 0:30:50]} 1-0

[Event "World Chess Olympiad 2018"]
[Site "Batumi"]
[Date "2018.10.05"]
[Round "11"]
[Board "4"]
[WhiteFideId "7001762"]
[White "Otawa Yuto"]
[BlackFideId "5500770"]
[Black "Taieb Sahbi"]
[Result "1-0"]
[LiveChessVersion "1.4.8"]
[BlackElo "2146"]
[WhiteElo "2161"]

1. d4 {[%clk 1:30:52]} Nf6 {[%clk 1:30:54]} 2. c4 {[%clk 1:31:07]} e6
{[%clk 1:31:19]} 3. Nc3 {[%clk 1:31:12]} Bb4 {[%clk 1:31:42]} 4. e3
{[%clk 1:31:10]} b6 {[%clk 1:31:52]} 5. Nge2 {[%clk 1:31:10]} Ba6
{[%clk 1:32:13]} 6. a3 {[%clk 1:28:19]} Bxc3+ {[%clk 1:32:17]} 7. Nxc3
{[%clk 1:28:23]} d5 {[%clk 1:31:24]} 8. cxd5 {[%clk 1:16:58]} Bxf1
{[%clk 1:28:10]} 9. dxe6 {[%clk 1:13:03]} Bxg2 {[%clk 1:16:47]} 10. Rg1
{[%clk 1:09:47]} Bd5 {[%clk 1:13:09]} 11. e4 {[%clk 0:53:14]} Bxe6
{[%clk 0:50:48]} 12. d5 {[%clk 0:49:52]} Bc8 {[%clk 0:29:31]} 13. e5
{[%clk 0:34:10]} Qe7 {[%clk 0:29:29]} 14. Qe2 {[%clk 0:33:02]} Ng4
{[%clk 0:25:35]} 15. Bf4 {[%clk 0:21:31]} h5 {[%clk 0:19:11]} 16. h3
{[%clk 0:16:06]} g5 {[%clk 0:17:48]} 17. d6 {[%clk 0:10:15]} cxd6
{[%clk 0:12:46]} 18. Nd5 {[%clk 0:10:08]} Qb7 {[%clk 0:11:48]} 19. exd6+
{[%clk 0:09:58]} Be6 {[%clk 0:11:50]} 20. Nc7+ {[%clk 0:09:11]} Kd7
{[%clk 0:11:59]} 21. Bxg5 {[%clk 0:07:53]} Nh2 {[%clk 0:10:34]} 22. O-O-O
{[%clk 0:04:54]} Qf3 {[%clk 0:08:37]} 23. Qe5 {[%clk 0:03:33]} Nc6
{[%clk 0:05:16]} 24. Qxh2 {[%clk 0:03:32]} Na5 {[%clk 0:05:17]} 25. Qf4
{[%clk 0:01:37]} Qxf4+ {[%clk 0:01:30]} 26. Bxf4 {[%clk 0:02:02]} Rac8
{[%clk 0:01:47]} 27. Kb1 {[%clk 0:01:05]} Bxh3 {[%clk 0:01:48]} 28. Rde1
{[%clk 0:00:53]} Bf5+ {[%clk 0:01:36]} 29. Ka2 {[%clk 0:01:15]} Nc6
{[%clk 0:01:18]} 30. b4 {[%clk 0:00:56]} Rcg8 {[%clk 0:00:57]} 31. b5
{[%clk 0:01:08]} Nd4 {[%clk 0:00:41]} 32. Re7+ {[%clk 0:01:24]} Kd8
{[%clk 0:01:05]} 33. Rd1 {[%clk 0:01:08]} Be6+ {[%clk 0:01:09]} 34. Kb2
{[%clk 0:00:55]} Nf5 {[%clk 0:00:50]} 35. Nxe6+ {[%clk 0:01:03]} fxe6
{[%clk 0:01:13]} 36. Rxa7 {[%clk 0:01:03]} h4 {[%clk 0:00:39]} 37. Be5
{[%clk 0:01:06]} h3 {[%clk 0:00:49]} 38. Bxh8 {[%clk 0:01:27]} 1-0

[Event "World Chess Olympiad 2018"]
[Site "Batumi"]
[Date "2018.10.05"]
[Round "11"]
[Board "1"]
[WhiteFideId "7105029"]
[White "Priasmoro Novendra"]
[BlackFideId "696358"]
[Black "Bellahcene Bilel"]
[Result "1-0"]
[LiveChessVersion "1.4.8"]
[BlackElo "2501"]
[WhiteElo "2498"]

1. e4 {[%clk 1:30:49]} e5 {[%clk 1:30:56]} 2. Nf3 {[%clk 1:31:07]} Nc6
{[%clk 1:31:22]} 3. Bb5 {[%clk 1:31:20]} Nge7 {[%clk 1:31:48]} 4. O-O
{[%clk 1:31:18]} Ng6 {[%clk 1:32:12]} 5. c3 {[%clk 1:30:32]} a6 {[%clk 1:32:40]}
6. Ba4 {[%clk 1:30:45]} d5 {[%clk 1:33:06]} 7. exd5 {[%clk 1:28:05]} Qxd5
{[%clk 1:33:33]} 8. Bb3 {[%clk 1:26:51]} Qd3 {[%clk 1:31:15]} 9. Ng5
{[%clk 1:20:01]} Be7 {[%clk 1:25:36]} 10. Bc2 {[%clk 0:49:42]} Qd8
{[%clk 1:17:01]} 11. Nf3 {[%clk 0:49:14]} O-O {[%clk 1:17:00]} 12. d4
{[%clk 0:49:23]} exd4 {[%clk 1:15:53]} 13. Nxd4 {[%clk 0:49:24]} Nxd4
{[%clk 1:16:10]} 14. cxd4 {[%clk 0:48:21]} Bf6 {[%clk 1:11:18]} 15. d5
{[%clk 0:48:33]} Be5 {[%clk 1:11:44]} 16. f4 {[%clk 0:48:13]} Bf6
{[%clk 1:10:01]} 17. Nc3 {[%clk 0:47:21]} Re8 {[%clk 1:10:29]} 18. Qd3
{[%clk 0:46:03]} c5 {[%clk 1:02:20]} 19. Kh1 {[%clk 0:36:22]} b5 {[%clk 1:01:31]}
20. Be3 {[%clk 0:35:37]} Bf5 {[%clk 0:54:48]} 21. Qxf5 {[%clk 0:35:50]} Rxe3
{[%clk 0:55:15]} 22. Ne4 {[%clk 0:28:51]} Bxb2 {[%clk 0:55:05]} 23. Rae1
{[%clk 0:28:10]} Rxe1 {[%clk 0:44:42]} 24. Rxe1 {[%clk 0:28:38]} c4
{[%clk 0:44:49]} 25. d6 {[%clk 0:27:31]} h6 {[%clk 0:43:29]} 26. d7
{[%clk 0:25:35]} Ba3 {[%clk 0:37:28]} 27. Ng3 {[%clk 0:20:08]} Be7
{[%clk 0:24:41]} 28. Qe4 {[%clk 0:16:05]} Ra7 {[%clk 0:23:05]} 29. f5
{[%clk 0:16:29]} Nf8 {[%clk 0:23:33]} 30. Qxe7 {[%clk 0:16:45]} Qxe7
{[%clk 0:24:01]} 31. Rxe7 {[%clk 0:17:08]} Rxd7 {[%clk 0:24:29]} 32. Re2
{[%clk 0:16:19]} g6 {[%clk 0:24:20]} 33. Kg1 {[%clk 0:15:40]} Kg7
{[%clk 0:24:43]} 34. Kf2 {[%clk 0:15:01]} a5 {[%clk 0:24:59]} 35. Ke1
{[%clk 0:12:45]} h5 {[%clk 0:25:01]} 36. fxg6 {[%clk 0:12:42]} fxg6
{[%clk 0:25:22]} 37. Re5 {[%clk 0:12:55]} Rb7 {[%clk 0:25:46]} 38. Ne4
{[%clk 0:11:28]} 1-0

[Event "World Chess Olympiad 2018"]
[Site "Batumi"]
[Date "2018.10.05"]
[Round "11"]
[Board "2"]
[WhiteFideId "7900309"]
[White "Rizouk Aimen"]
[BlackFideId "7101554"]
[Black "Cuhendi Sean Winshand"]
[Result "1/2-1/2"]
[LiveChessVersion "1.4.8"]
[BlackElo "2441"]
[WhiteElo "2445"]

1. e4 {[%clk 1:30:57]} e5 {[%clk 1:29:42]} 2. Nf3 {[%clk 1:31:21]} Nc6
{[%clk 1:28:19]} 3. Nc3 {[%clk 1:31:05]} Nf6 {[%clk 1:27:35]} 4. Bb5
{[%clk 1:31:19]} Nd4 {[%clk 1:24:42]} 5. Nxd4 {[%clk 1:29:56]} exd4
{[%clk 1:24:57]} 6. e5 {[%clk 1:30:21]} dxc3 {[%clk 1:22:24]} 7. exf6
{[%clk 1:30:46]} Qxf6 {[%clk 1:22:47]} 8. dxc3 {[%clk 1:30:59]} Qe5+
{[%clk 1:12:37]} 9. Qe2 {[%clk 1:30:39]} Qxe2+ {[%clk 1:12:42]} 10. Bxe2
{[%clk 1:31:05]} Bc5 {[%clk 1:12:37]} 11. O-O {[%clk 1:31:07]} O-O
{[%clk 1:12:28]} 12. Bd3 {[%clk 1:31:01]} d6 {[%clk 1:08:39]} 13. Re1
{[%clk 1:28:51]} Be6 {[%clk 1:05:05]} 14. Be3 {[%clk 1:29:00]} Rfe8
{[%clk 1:00:23]} 15. Bxc5 {[%clk 1:25:26]} dxc5 {[%clk 1:00:49]} 16. Rad1
{[%clk 1:18:46]} Rad8 {[%clk 0:58:34]} 17. f4 {[%clk 1:15:38]} Kf8
{[%clk 0:55:18]} 18. Kf2 {[%clk 1:14:06]} Bg4 {[%clk 0:55:02]} 19. Rxe8+
{[%clk 1:13:08]} Rxe8 {[%clk 0:55:20]} 20. Re1 {[%clk 1:13:24]} Rxe1
{[%clk 0:53:01]} 21. Kxe1 {[%clk 1:13:48]} Ke7 {[%clk 0:53:25]} 22. Kd2
{[%clk 1:14:04]} h6 {[%clk 0:53:36]} 23. Ke3 {[%clk 1:14:12]} Be6
{[%clk 0:53:29]} 24. c4 {[%clk 1:13:47]} f5 {[%clk 0:52:58]} 25. Kf2
{[%clk 1:13:57]} Kf6 {[%clk 0:53:13]} 26. Ke3 {[%clk 1:14:25]} Ke7
{[%clk 0:53:29]} 27. Kf2 {[%clk 1:14:51]} Kf6 {[%clk 0:53:54]} 28. Ke3
{[%clk 1:15:16]} Ke7 {[%clk 0:54:15]} 29. Kf2 1/2-1/2

[Event "World Chess Olympiad 2018"]
[Site "Batumi"]
[Date "2018.10.05"]
[Round "11"]
[Board "3"]
[WhiteFideId "7101589"]
[White "Setyaki Azarya Jodi"]
[BlackFideId "7900872"]
[Black "Arab Adlane"]
[Result "1/2-1/2"]
[LiveChessVersion "1.4.8"]
[BlackElo "2482"]
[WhiteElo "2316"]

1. e4 {[%clk 1:30:57]} c5 {[%clk 1:30:55]} 2. Nf3 {[%clk 1:31:21]} Nc6
{[%clk 1:31:22]} 3. d4 {[%clk 1:31:47]} cxd4 {[%clk 1:31:44]} 4. Nxd4
{[%clk 1:32:10]} Qb6 {[%clk 1:32:08]} 5. Nb3 {[%clk 1:32:32]} Nf6
{[%clk 1:32:27]} 6. Nc3 {[%clk 1:32:55]} e6 {[%clk 1:32:53]} 7. Qe2
{[%clk 1:33:16]} Bb4 {[%clk 1:32:43]} 8. Bd2 {[%clk 1:33:40]} O-O
{[%clk 1:33:00]} 9. a3 {[%clk 1:34:03]} Be7 {[%clk 1:33:15]} 10. g4
{[%clk 1:17:02]} d5 {[%clk 1:32:28]} 11. g5 {[%clk 1:16:44]} Nxe4
{[%clk 1:28:50]} 12. Nxe4 {[%clk 1:15:41]} dxe4 {[%clk 1:29:15]} 13. Qxe4
{[%clk 1:15:18]} e5 {[%clk 1:28:50]} 14. Be3 {[%clk 1:08:21]} Qc7
{[%clk 1:29:01]} 15. O-O-O {[%clk 1:02:40]} g6 {[%clk 1:26:04]} 16. Bd3
{[%clk 0:35:53]} Bf5 {[%clk 1:23:07]} 17. Qh4 {[%clk 0:31:17]} Rac8
{[%clk 1:12:04]} 18. Kb1 {[%clk 0:28:58]} Bxd3 {[%clk 1:00:50]} 19. Rxd3
{[%clk 0:28:53]} Na5 {[%clk 1:01:13]} 20. Rc3 {[%clk 0:28:05]} Nc4
{[%clk 1:01:32]} 21. Bc5 {[%clk 0:12:09]} b5 {[%clk 0:58:58]} 22. Bxe7
{[%clk 0:09:58]} Qxe7 {[%clk 0:59:21]} 23. Rh3 {[%clk 0:08:53]} h5
{[%clk 0:57:36]} 24. gxh6 {[%clk 0:09:19]} Qxh4 {[%clk 0:58:01]} 25. Rxh4
{[%clk 0:09:46]} Rfd8 {[%clk 0:58:18]} 26. Re1 {[%clk 0:09:14]} f5
{[%clk 0:58:11]} 27. Rh3 {[%clk 0:08:14]} Kh7 {[%clk 0:57:52]} 28. Kc1
{[%clk 0:04:46]} e4 {[%clk 0:57:24]} 29. f4 {[%clk 0:02:17]} a5 {[%clk 0:54:22]}
30. c3 {[%clk 0:02:31]} b4 {[%clk 0:53:15]} 31. axb4 {[%clk 0:02:07]} axb4
{[%clk 0:53:39]} 32. Kc2 {[%clk 0:02:16]} e3 {[%clk 0:53:59]} 33. Nd4
{[%clk 0:02:11]} bxc3 {[%clk 0:48:56]} 34. bxc3 {[%clk 0:02:39]} Na3+
{[%clk 0:49:08]} 35. Kb3 {[%clk 0:01:28]} Nc4 {[%clk 0:46:33]} 36. Ne6
{[%clk 0:00:34]} Rd7 {[%clk 0:46:50]} 37. Ng5+ {[%clk 0:00:57]} Kh8
{[%clk 0:47:12]} 38. Rhxe3 {[%clk 0:01:00]} Rb7+ {[%clk 0:42:37]} 39. Kc2
{[%clk 0:01:30]} Na3+ {[%clk 0:42:54]} 40. Kd3 {[%clk 0:31:09]} Rd7+
{[%clk 1:12:52]} 41. Ke2 {[%clk 0:31:31]} Nc2 {[%clk 1:13:13]} 42. Kf2
{[%clk 0:28:50]} Nxe1 {[%clk 1:13:24]} 43. Kxe1 {[%clk 0:24:33]} Rcd8
{[%clk 1:13:46]} 44. Re6 {[%clk 0:23:12]} Rd1+ {[%clk 1:11:08]} 45. Ke2
{[%clk 0:23:26]} R1d2+ {[%clk 1:07:42]} 46. Ke1 {[%clk 0:23:01]} Rd1+
{[%clk 1:08:26]} 47. Ke2 {[%clk 0:23:27]} R1d2+ {[%clk 1:08:18]} 48. Ke1
{[%clk 0:20:29]} Rd1+ {[%clk 1:05:43]} 49. Kf2 {[%clk 0:17:58]} R1d2+
{[%clk 1:05:22]} 50. Re2 {[%clk 0:13:28]} Rxe2+ {[%clk 1:05:29]} 51. Kxe2
{[%clk 0:13:55]} Re8+ {[%clk 1:05:54]} 52. Kd3 {[%clk 0:14:07]} Rd8+
{[%clk 1:06:20]} 53. Ke3 {[%clk 0:14:18]} Re8+ {[%clk 1:03:41]} 54. Kd4
{[%clk 0:14:40]} Rd8+ {[%clk 1:03:21]} 55. Ke5 {[%clk 0:15:03]} Rc8
{[%clk 1:03:46]} 56. Kf6 {[%clk 0:14:36]} Rc6+ {[%clk 1:03:18]} 57. Kf7
{[%clk 0:14:55]} Rxc3 {[%clk 1:03:41]} 58. Kxg6 {[%clk 0:15:20]} Rc6+
{[%clk 1:04:06]} 59. Kxf5 {[%clk 0:15:48]} Kg8 {[%clk 1:04:26]} 60. h7+
{[%clk 0:16:12]} Kh8 {[%clk 1:04:28]} 61. h4 {[%clk 0:13:25]} Ra6
{[%clk 1:04:45]} 62. Kg4 {[%clk 0:13:28]} Ra4 {[%clk 1:04:59]} 63. h5
{[%clk 0:11:37]} Rb4 {[%clk 1:05:14]} 64. h6 {[%clk 0:07:16]} 1/2-1/2